| 000 | 01086nam a22002537a 4500 | ||
|---|---|---|---|
| 003 | EG-ScBUE | ||
| 005 | 20211028095947.0 | ||
| 008 | 211028s1970 xx f b 000 0 ara d | ||
| 040 |
_aEG-ScBUE _bara _erda _cEG-ScBUE _dEG-ScBUE |
||
| 082 | 0 | 4 |
_a297.124 _bن و و _222 |
| 100 | 1 |
_aالنووي، يحيى بن شرف، _d631-676 هـ.، _eمؤلف. |
|
| 245 | 1 | 0 |
_aرياض الصالحين من كلام سيد المرسلين / _cتأليف العالم العارف بالله محيي الدين أبي زكريا يحيى بن شرف النووي الشافعي. |
| 264 | 1 |
_a[مكان النشر غير محدد] : _b[الناشر غير محدد]، _c[1970] |
|
| 300 |
_a424 صفحة ؛ _c24 سم |
||
| 336 |
_2rdacontent _aنص _btxt |
||
| 337 |
_2rdamedia _aبدون وسيط _bn |
||
| 338 |
_2rdacarrier _aمجلد _bnc |
||
| 504 | _aيشتمل على إرجاعات ببليوجرافية. | ||
| 541 |
_cDonation ; _aDr. Fatma Hamdy. |
||
| 650 | 7 |
_aالحديث _xأحكام. _2BUEsh |
|
| 653 |
_bGGEN _cOctober2021 |
||
| 655 |
_vReading book _934232 |
||
| 942 | _2ddc | ||
| 999 |
_c29618 _d29589 |
||